📖150 premiers mots "Jane Eyre" Chalotte Brontë - Statistiques

Statistiques générales
  • Ce quiz a Ă©tĂ© pris 24 fois
  • Le rĂ©sultat moyen est 66 sur 150
Statistiques - réponses
Mots % Correct
j'
100%
J'
100%
John
100%
Ă 
95%
Eliza,
95%
l'
90%
m'
90%
ma
90%
Madame
90%
Le
85%
le
85%
n'
85%
d'
80%
Je
80%
la
80%
lĂ ,
80%
que
80%
qui
80%
ai
75%
de
75%
et
75%
Reed
75%
se
75%
un
75%
Ce
70%
me
70%
pas
70%
en
65%
par
65%
y
65%
mes
60%
mon
60%
ne
60%
il
55%
Il
55%
jamais
55%
avait
50%
Bessie,
50%
Georgiana
50%
jour-
50%
On
50%
peu
50%
ses
50%
dans
45%
leur
45%
leur ...
45%
moi
45%
si
45%
ĂŞtre
40%
mère,
40%
sur
40%
était
35%
nous
35%
aimé
30%
nuit
30%
rien
30%
tout
30%
bonne
25%
dont
25%
enfants,
20%
enfants.
20%
faire
15%
fort
15%
mains
15%
mal.
15%
pieds,
15%
pluie
15%
souvent
15%
tant
15%
fus
10%
près
10%
salon.
10%
sentais
10%
toujours
10%
défendu
5%
faisaient
5%
fut
5%
gel,
5%
joindre
5%
plaignaient
5%
reprochait
5%
tombait
5%
très
5%
attaqués
0%
Bref,
0%
caractère,
0%
comprenait
0%
devant
0%
endurance
0%
enviais
0%
étendue
0%
figure
0%
grondée
0%
groupe...
0%
heureuse.
0%
honteuse
0%
longues
0%
manières
0%
maussade.
0%
nuages,
0%
pénible.
0%
promenades.
0%
pûmes
0%
regardait
0%
retour
0%
santé.
0%
simplement
0%
sociables,
0%
sofa
0%
sortir.
0%
souffrais
0%
trouvaient
0%
Aucun quiz correspondant
Distribution des résultats
% des personnes avec chaque résultat
Percentile par nombre de réponses
Votre historique - résultats
Vous n’avez pas pris ce quiz